00503 2200193 4500001002100000005001500021035002000036245005100056100001400107250000600121300003800127260004700165082001000212084001600222020001800238650001900256990001700275990001700292INLIS00000000000129220190828121841 a0010-08190000371 aStrategi Belajar Mengajar Biologi /cNuryani R0 aNuryani R a- axiii, 229 hlm. :bilus. ;c25 cm. aMalang :bUniversitas Negeri Malang,c2005 a371.3 a371.3 NUR s a979-495-724-0 aMetode Belajar a04619/P/2018 a04620/P/2018